|
|
|
|
| LEADER |
01017cam a2200373 i 4500 |
| 001 |
000045121 |
| 003 |
4246 |
| 005 |
20030225152945.0 |
| 008 |
010220|1999 vm 000 eng |
| 020 |
|
|
|a 0697370143
|
| 040 |
|
|
|a IRC
|c IRC
|d IRC
|
| 041 |
0 |
|
|a eng
|
| 082 |
1 |
4 |
|a 327.101
|b AM-M
|
| 100 |
1 |
|
|a Amstutz, Mark R.
|
| 245 |
0 |
0 |
|a International conflict and cooperation :
|b an introduction to world politics /
|c Mark R. Amstutz.
|
| 250 |
|
|
|a 2nd ed.
|
| 260 |
|
|
|a Boston :
|b McGraw-Hill,
|c 1999.
|
| 300 |
|
|
|a xxi, 536p. :
|b ill. (some col.), col. maps.
|
| 630 |
0 |
4 |
|a Cooperation.
|
| 630 |
0 |
4 |
|a International conflict.
|
| 650 |
0 |
4 |
|a International relations.
|
| 650 |
0 |
4 |
|a Conflict management.
|
| 650 |
0 |
4 |
|a World politics.
|
| 650 |
0 |
4 |
|a International cooperation.
|
| OWN |
|
|
|a DUT
|
| 999 |
|
|
|a From the UDN01
|
| TYP |
|
|
|a Monograph
|
| TYP |
|
|
|a Printed language
|
| 980 |
|
|
|a Mạng thư viện Đại học Đà Nẵng
|